| 000 | 00000nam##2200000za#4500 |
| 001 | 9.577880 |
| 003 | CaOODSP |
| 005 | 20250319161918 |
| 007 | cr ||||||||||| |
| 008 | 150406|1982||||xxc|||||o f|0| 0 eng|d |
| 022 | |a1488-5387 |
| 040 | |aCaOODSP|beng |
| 043 | |an-cn--- |
| 086 | 1 |aFs97-4/1657E-PDF |
| 110 | 1 |aCanada. |bDepartment of Fisheries and Oceans. |
| 245 | 13|aAn annotated bibliography and information summary on the fisheries resources of the Yukon River Basin in Canada / |h[electronic resource]|cby G.L. Ennis, A. Cinader, S. McIndoe and T. Munsen. |
| 260 | |aVancouver - British Columbia : |bFisheries and Oceans Canada |cJune 1982. |
| 300 | |a290p.|breferences |
| 490 | 1 |aCanadian manuscript report of fisheries and aquatic sciences|x1488-5387|vNo. 1657 |
| 500 | |a"Yukon River Basin Study Project No. 31"--p.3 of 290. |
| 504 | |aBibliography. |
| 546 | |a(Résumés en français) |
| 590 | |a13-25-Supp|b2013-10-28 |
| 690 | 07|aBibliographies|2gcpds |
| 690 | 07|aFisheries|2gcpds |
| 690 | 07|aNorthern Canada|2gcpds |
| 690 | 07|aWatersheds|2gcpds |
| 720 | 1 |aEnnis, G. L. |
| 720 | 1 |aCinader, A. |
| 720 | 1 |aMcIndoe, S. |
| 720 | 1 |aMunsen, T. |
| 830 | #0|aCanadian manuscript report of fisheries and aquatic sciences,|x1488-5387|vNo. 1657|w(CaOODSP)9.505211 |
| 856 | 40|ahttp://publications.gc.ca|qPDF|s70 MB|uhttps://publications.gc.ca/collections/collection_2013/mpo-dfo/Fs97-4-1657-eng.pdf|yNo. 1657 |